Quiz o sieci sklepów Lidl - Statystyki

Ogólne statystyki
  • Ten quiz został rozwiązany 12 razy
  • Średni wynik to 3 z 14
Statystyki odpowiedzi
Wskazówka Odpowiedź % Poprawnych
Państwo z którego pochodzi Lidl Niemcy
100%
Rok wprowadzenia sklepów do Polski 2002
64%
Największy konkurent Biedronka
55%
Założyciele spółki Ludwig Lidl
45%
Miasto w którym został otwarty pierwszy sklep Poznań
36%
Ogólna liczba sklepów 12000
0%
Rok powstania spółki 1930
0%
Liczba sklepów w Polsce 850
0%
Siedziba w Polsce Jankowice
0%
Założyciele spółki Josef Shwarz
0%
Pełna nazwa Lidla Lidl Stiftung & Co. KG
0%
Ogólna siedziba sieci sklepów Lidl Neckarsulm
0%
W roku 2008 do obrotu wprowadzono... Pieczywo wypiekane na miejscu
0%
Obecny właściciel sklepów Lidl Schwarz-Gruppe
0%
Nie znaleziono quizów pasujących do podanych kryteriów
Rozkład punktacji
Procent ludzi z każdym wynikiem
Percentyl według liczby udzielonych odpowiedzi
Twoja historia wyników
Nie rozwiązałeś tego quizu